[Event "Vamos Jogar"]
[Site "http://www.queenalice.com/game.php?id=576962"]
[Date "2009.4.24"]
[Round "-"]
[White "blanenatelo05"]
[Black "galaksoda"]
[Result "1-0"]
[WhiteElo "2316"]
[BlackElo "1942"]

1. e4 e5 2. Nf3 Nc6 3. Bc4 Bc5 4. c3 Bb6 5. b4 d6 6. a4 a6 7. d3 Bg4 8. h3 Bh5
9. Nbd2 Qe7 10. Nf1 Nf6 11. Ng3 Bxf3 12. Qxf3 Nd7 13. O-O g6 14. Bh6 Nf6 15. Bg7
1-0

[Event "QA-ANNIV-04"]
[Site "http://www.queenalice.com/game.php?id=578014"]
[Date "2009.4.26"]
[Round "5"]
[White "Leijoto"]
[Black "galaksoda"]
[Result "0-1"]
[WhiteElo "1571"]
[BlackElo "1965"]

1. e4 c5 2. Bc4 e6 3. Nf3 d5 4. Bd3 Nc6 5. e5 g6 6. O-O Bg7 7. Bb5 Bd7 8. d4
Nxd4 9. Bxd7+ Qxd7 10. Nxd4 cxd4 11. Qxd4 Ne7 12. Bg5 Nf5 13. Qb4 Bxe5 14. Nd2
Bd6 15. Qc3 d4 16. Qd3 O-O 17. Ne4 Be7 18. c3 f6 19. Bxf6 Bxf6 20. g4 Ne7 21. g5
Be5 22. f4 Bg7 23. cxd4 Nd5 24. Nc5 Qe7 25. Qe4 Nxf4 26. Rxf4 Qxg5+ 27. Rg4 Qd2
28. Qxe6+ Kh8 29. Rf1 Bxd4+ 30. Rxd4 Qxd4+ 31. Kh1 Rxf1+ 0-1

[Event "AUTO-MASTER-813"]
[Site "http://www.queenalice.com/game.php?id=594944"]
[Date "2009.5.28"]
[Round "1"]
[White "galaksoda"]
[Black "fabke007"]
[Result "0-1"]
[WhiteElo "1957"]
[BlackElo "2118"]

1. e4 c5 2. Nf3 d6 3. d4 cxd4 4. Nxd4 Nf6 5. Nc3 g6 6. Be3 Bg7 7. f3 O-O 8. Qd2
Nc6 9. O-O-O Bd7 10. g4 Qa5 11. Nb3 Qc7 12. Bh6 Rfc8 13. Bxg7 Kxg7 14. h4 h5 15.
g5 Ng8 16. Nd5 Qd8 17. f4 Bg4 18. Re1 e6 19. Ne3 Bf3 20. Bg2 Bxg2 21. Nxg2 Qb6
22. a3 Rc7 23. Rh3 Rac8 24. Rc3 a5 25. Rc4 Nce7 26. Rxc7 Rxc7 27. Nxa5 d5 28.
Kb1 dxe4 29. Rxe4 Nd5 30. Nc4 Qc5 31. Qd4+ Qxd4 32. Rxd4 Nge7 33. Nge3 Rd7 34.
Nxd5 Nxd5 35. Kc1 Rc7 36. a4 Nb4 37. Kb1 Nc6 38. Rd2 Ne7 39. Nd6 Kf8 0-1

[Event "AUTO-MASTER-813"]
[Site "http://www.queenalice.com/game.php?id=594945"]
[Date "2009.5.28"]
[Round "1"]
[White "fabke007"]
[Black "galaksoda"]
[Result "0-1"]
[WhiteElo "2094"]
[BlackElo "1985"]

1. e4 e5 2. Bc4 Nf6 3. Nc3 Nc6 4. Nf3 Nxe4 5. Nxe4 d5 6. Bb5 dxe4 7. Bxc6+ bxc6
8. Nxe5 Qg5 9. d4 Qxg2 10. Rf1 Bh3 11. Qe2 Qxf1+ 12. Qxf1 Bxf1 13. Kxf1 Bd6 14.
Nxc6 Bxh2 15. c4 Bd6 16. Bd2 Kd7 17. Na5 c5 18. d5 h5 19. Re1 f5 20. f3 Rae8 21.
fxe4 Rxe4 22. Rxe4 fxe4 23. Bc3 Rf8+ 24. Ke2 g5 25. Nc6 h4 26. Be5 h3 27. Ke3
Bxe5 28. Nxe5+ Kd6 29. Ng4 Rf4 30. Nh2 Rh4 31. Kf2 e3+ 32. Kxe3 Rxc4 0-1

[Event "AUTO-MASTER-813"]
[Site "http://www.queenalice.com/game.php?id=594946"]
[Date "2009.5.28"]
[Round "1"]
[White "galaksoda"]
[Black "Soncini"]
[Result "1-0"]
[WhiteElo "1988"]
[BlackElo "2052"]

1. e4 e6 2. d4 d5 3. Nc3 c5 4. exd5 exd5 5. dxc5 Nf6 6. Bg5 Be6 7. Nf3 Bxc5 8.
Bd3 Nc6 9. O-O h6 10. Bh4 g5 11. Bg3 O-O 12. Re1 Ng4 13. h3 Nf6 14. Qd2 d4 15.
Nd1 Bd6 16. Bxd6 Qxd6 17. Nxg5 Kg7 18. Ne4 Qb4 19. c3 dxc3 20. Ndxc3 Nd5 21. a3
Qd4 22. Ne2 Qe5 23. N2g3 Nf4 24. Nc3 Qd4 25. Re4 Qxd3 26. Qxf4 Qd8 27. Rd1 Qg5
28. Rd6 Qxf4 29. Nh5+ Kg6 30. Nxf4+ Kg7 31. Nxe6+ fxe6 32. Rdxe6 Rf7 33. Rg4+
Kf8 34. Rxh6 Ke7 35. Re4+ Kd7 36. Nb5 Raf8 37. f3 Rf6 38. Rxf6 Rxf6 39. g4 Rxf3
40. Kg2 Rb3 41. a4 Rxb2+ 42. Kg3 a6 43. Nd4 b5 44. axb5 axb5 45. g5 Nxd4 46.
Rxd4+ Ke6 47. Rf4 b4 48. Kh4 b3 49. g6 1-0

[Event "AUTO-MASTER-813"]
[Site "http://www.queenalice.com/game.php?id=594947"]
[Date "2009.5.28"]
[Round "1"]
[White "Soncini"]
[Black "galaksoda"]
[Result "0-1"]
[WhiteElo "2072"]
[BlackElo "1968"]

1. d4 Nf6 2. Nf3 g6 3. Nc3 d5 4. Bf4 Bg7 5. e3 O-O 6. Nb5 Na6 7. c4 c6 8. Nc3
Qa5 9. Qa4 Qxa4 10. Nxa4 Nb4 11. Kd1 Bf5 12. Ne1 Ng4 13. Bg3 dxc4 14. a3 Nd5 15.
Bxc4 Ngxe3+ 16. fxe3 Nxe3+ 17. Ke2 Nxc4 18. b3 Nb6 19. Nxb6 axb6 20. Be5 Rfd8
21. Bxg7 Kxg7 22. Nf3 Bg4 23. Ke3 Bxf3 24. gxf3 Rd6 25. b4 Rad8 26. Rhd1 Re6+
27. Kf2 f5 28. a4 f4 29. b5 Red6 30. bxc6 bxc6 31. Rab1 c5 32. d5 c4 33. Rb4 c3
34. Rc4 Ra8 35. Rxf4 c2 36. Rc1 Rc8 37. Rd4 e6 38. Rd2 Rxd5 39. Rdxc2 Ra8 40.
Rb1 Rd6 41. Rb4 e5 42. Rcb2 h5 43. h4 Rd4 44. Rxd4 exd4 45. Rb4 d3 46. Ke3 Kh6
0-1

[Event "AUTO-MASTER-813"]
[Site "http://www.queenalice.com/game.php?id=594948"]
[Date "2009.5.28"]
[Round "1"]
[White "galaksoda"]
[Black "rom_banane"]
[Result "1-0"]
[WhiteElo "1947"]
[BlackElo "1982"]

1. e4 Nf6 2. e5 Nd5 3. d4 Nc6 4. c4 Nb6 5. f4 d5 6. c5 Nc4 7. Nf3 Bg4 8. Be2 b6
9. b3 N4a5 10. O-O bxc5 11. Ng5 Bxe2 12. Qxe2 Nxd4 13. Qd1 h6 14. Nf3 Nxf3+ 15.
Qxf3 e6 16. Qe2 c4 17. f5 Bc5+ 18. Be3 Bxe3+ 19. Qxe3 O-O 20. f6 Qb8 21. fxg7
Kxg7 22. Qg3+ Kh7 23. Rf6 Qb6+ 24. Kh1 Qd4 25. Nc3 cxb3 26. axb3 Nc6 27. Re1 a5
28. Qh3 Qd2 29. Qg3 Rg8 30. Rxf7+ 1-0

[Event "AUTO-MASTER-813"]
[Site "http://www.queenalice.com/game.php?id=594949"]
[Date "2009.5.28"]
[Round "1"]
[White "rom_banane"]
[Black "galaksoda"]
[Result "1-0"]
[WhiteElo "1897"]
[BlackElo "2007"]

1. d4 Nf6 2. c4 e6 3. Nc3 Bb4 4. f3 d5 5. a3 Bxc3+ 6. bxc3 O-O 7. cxd5 Nxd5 8.
Qc2 c6 9. e4 Nb6 10. Nh3 h6 11. Bd3 e5 12. dxe5 Bxh3 13. gxh3 Qh4+ 14. Qf2 Qxh3
15. Rg1 g6 16. Rg3 Qh5 17. f4 1-0

[Event "I Am Curious Blue (1968)"]
[Site "http://www.queenalice.com/game.php?id=609203"]
[Date "2009.6.26"]
[Round "-"]
[White "galaksoda"]
[Black "Batavix"]
[Result "0-1"]
[WhiteElo "1987"]
[BlackElo "1349"]

1. Nf3 d5 2. g3 Nf6 3. Bg2 Nc6 4. d4 e6 5. O-O Bd6 6. Nc3 Ng4 7. h3 h5 8. hxg4
h4 9. gxh4 Rxh4 10. Nxh4 Qxh4 11. f4 Qxg4 12. e3 Qf5 13. Nb5 Nb4 14. Nxd6+ cxd6
15. Rf2 Bd7 16. a3 Na6 17. Qd3 Qh5 18. Bf3 Qh4 19. e4 O-O-O 20. exd5 Qg3+ 21.
Rg2 Qh4 22. Bd2 Rh8 23. Rf1 exd5 24. Be1 Qf6 25. Bg4 Kd8 26. Bd2 Nc7 27. f5 Bb5
28. c4 dxc4 29. Qc3 Qh4 30. Be2 Nd5 31. Qa5+ b6 32. Qxb5 Qxd4+ 33. Rff2 Qxd2 34.
Bxc4 Qc1+ 35. Rf1 Qe3+ 36. Rff2 Nf4 37. Qb3 Nh3+ 38. Kf1 Qc1+ 39. Ke2 Nf4+ 40.
Rxf4 Qxf4 41. Rf2 Re8+ 42. Be6 Qg4+ 43. Qf3 Qxf3+ 44. Kxf3 fxe6 45. Re2 exf5 46.
Rd2 Re6 47. Kf4 g6 48. Kg5 Kd7 49. Rd4 a5 50. b4 Re4 51. Rd2 Rg4+ 52. Kf6 axb4
53. axb4 Kc6 54. b5+ Kxb5 55. Rxd6 f4 56. Rd5+ Ka4 57. Rd4+ Ka5 58. Rd5+ b5 0-1

[Event "QA-ANNIV-04"]
[Site "http://www.queenalice.com/game.php?id=644164"]
[Date "2009.8.29"]
[Round "6"]
[White "galaksoda"]
[Black "bigbem"]
[Result "1-0"]
[WhiteElo "1964"]
[BlackElo "1566"]

1. e4 e5 2. Nf3 d6 3. d4 exd4 4. Nxd4 Nf6 5. Nc3 Qe7 6. Bg5 h6 7. Bxf6 Qxf6 8.
Nd5 Qd8 9. Qd2 c6 10. Nc3 Qf6 11. O-O-O Bg4 12. f3 Bh5 13. Re1 Nd7 14. g4 Bg6
15. f4 Qh4 16. h3 O-O-O 17. Nf3 Qe7 18. Bc4 b5 19. Bxb5 cxb5 20. Nxb5 Nf6 21. e5
dxe5 22. Qc3+ Kb7 23. f5 Bh7 24. Nxe5 Nd5 25. Qb3 Qg5+ 26. Kb1 Bg8 27. Nd6+ Kc7
28. Ndxf7 Bxf7 29. Nxf7 Qf6 30. Nxh8 g5 31. Ng6 Rb8 32. Qc4+ Kd8 33. Qxd5+ Bd6
34. Ne5 Rc8 35. Rh2 Rc5 36. Qa8+ Rc8 37. Nc6+ Kd7 38. Qb7+ Rc7 39. Nb8+ Kd8 40.
Qd5 Rc5 41. Qg8+ Kc7 42. Na6+ Kc6 43. Re6 Qd4 44. Qc8+ Kb5 45. Qb7+ Kc4 46. Re4
Qxe4 47. Qxe4+ Kb5 48. Qb7+ Kc4 49. Rd2 Re5 50. Qb3# 1-0

[Event "vale R$ 50 ou o olho de porco"]
[Site "http://www.queenalice.com/game.php?id=657001"]
[Date "2009.9.23"]
[Round "-"]
[White "Batavix"]
[Black "galaksoda"]
[Result "0-1"]
[WhiteElo "1381"]
[BlackElo "1966"]

1. e4 e5 2. Nf3 Nc6 3. Bb5 a6 4. Bxc6 dxc6 5. Nc3 f6 6. d3 Bg4 7. a3 Qd7 8. Be3
O-O-O 9. Qe2 Ne7 10. Na4 Ng6 11. O-O-O Bd6 12. d4 Qe7 13. d5 cxd5 14. Rxd5 Bxa3
15. Bc5 Bxc5 16. Rxc5 Nf4 17. Qc4 Ne6 18. Rd5 Nf4 19. Rc5 Nxg2 20. Nb6+ Kb8 21.
Nd5 Rxd5 22. exd5 Bxf3 23. Qc3 e4 24. b4 Nf4 25. Qe1 Bxh1 26. Qxh1 Qe5 27. Kd2
Qd4+ 0-1

[Event "QA-ANNIV-04"]
[Site "http://www.queenalice.com/game.php?id=695036"]
[Date "2009.12.9"]
[Round "7"]
[White "jpzenitram"]
[Black "galaksoda"]
[Result "1-0"]
[WhiteElo "1925"]
[BlackElo "2023"]

1. e4 c5 2. Nc3 Nc6 3. Bc4 e6 4. Nf3 a6 5. a3 b5 6. Be2 Nf6 7. d3 d5 8. Bf4 d4
9. Nb1 e5 10. Nxe5 Bb7 11. Ng4 Be7 12. O-O O-O 13. h3 Nh5 14. Bh2 Bg5 15. Ne5
Nf4 16. Nxc6 Bxc6 17. Nd2 Ng6 18. Bg4 Bf4 19. g3 Bd6 20. h4 Ne5 21. Bh3 Bd7 22.
Bg2 Bg4 23. f3 Be6 24. Qe2 c4 25. Rfc1 c3 26. bxc3 dxc3 27. Nb3 Bxb3 28. cxb3
Bc5+ 29. Kh1 1-0

[Event "AUTO-MASTER-813"]
[Site "http://www.queenalice.com/game.php?id=697599"]
[Date "2009.12.13"]
[Round "2"]
[White "galaksoda"]
[Black "salva9001"]
[Result "1-0"]
[WhiteElo "1983"]
[BlackElo "1967"]

1. e4 c5 2. Nf3 e6 3. d4 cxd4 4. Nxd4 Nf6 5. Nc3 d6 6. Be3 Be7 7. g4 Nc6 8. g5
Nd7 9. Qd2 a6 10. O-O-O Qc7 11. Nf3 b5 12. Ne2 Bb7 13. a3 Nde5 14. Ng3 Nxf3 15.
Qe2 Nfe5 16. f4 Nc4 17. Bf2 Rc8 18. h4 Qa5 19. Be1 Qc7 20. Bc3 f6 21. Nh5 Kf7
22. Rg1 e5 23. Bh3 Rcd8 24. gxf6 Bxf6 25. Rdf1 Rhe8 26. fxe5 1-0

[Event "AUTO-MASTER-813"]
[Site "http://www.queenalice.com/game.php?id=697600"]
[Date "2009.12.13"]
[Round "2"]
[White "CCapivara"]
[Black "galaksoda"]
[Result "1-0"]
[WhiteElo "2152"]
[BlackElo "1993"]

1. e4 c5 2. Nf3 d6 3. d4 cxd4 4. Nxd4 Nf6 5. Nc3 a6 6. Bg5 e6 7. f4 Nbd7 8. Qf3
Be7 9. Bc4 Nb6 10. Bb3 Bd7 11. O-O-O O-O 12. g4 e5 13. Nf5 a5 14. a4 Bc6 15.
Bxf6 Bxf6 16. Rxd6 Nd7 17. Rhd1 exf4 18. Bd5 Be5 19. Rxc6 bxc6 20. Bxc6 Ra7 21.
Qd3 Qg5 22. Bxd7 f3+ 23. Kb1 Rd8 24. Qxf3 Rdxd7 25. Rxd7 Rxd7 26. h4 Qd8 27. Nd5
Qb8 28. b3 g6 29. Nfe7+ Kg7 30. Nc6 Qd6 31. Nxe5 Qxe5 32. c4 Rb7 33. Ka2 Qh2+
34. Ka3 Qxh4 35. Qc3+ f6 36. e5 fxe5 37. Qxe5+ Kh6 38. Nf6 Qg5 39. Ng8# 1-0

[Event "AUTO-MASTER-813"]
[Site "http://www.queenalice.com/game.php?id=697601"]
[Date "2009.12.13"]
[Round "2"]
[White "galaksoda"]
[Black "CCapivara"]
[Result "0-1"]
[WhiteElo "2003"]
[BlackElo "2142"]

1. e4 c6 2. c4 d6 3. d4 Nf6 4. Nc3 Qa5 5. Bd3 e5 6. Ne2 Be7 7. O-O O-O 8. d5 a6
9. a3 Qc7 10. h3 Nbd7 11. Ng3 Nc5 12. Bc2 cxd5 13. cxd5 a5 14. Nf5 Bxf5 15. exf5
h6 16. Be3 Rfc8 17. Nb5 Qb6 18. a4 Bf8 19. h4 Qd8 20. Qd2 Ng4 21. g3 Nxe3 22.
Qxe3 Nd7 23. Bb3 Nf6 24. f3 Rc5 25. Nc3 Qb6 26. Ne4 Nxe4 27. fxe4 Rac8 28. Rab1
Qb4 29. Bd1 Rc4 30. Bf3 Be7 31. Rfc1 Bd8 32. Kg2 Bb6 33. Qe1 Rxc1 34. Rxc1 Qxb2+
0-1

[Event "Cade o outro jogo???"]
[Site "http://www.queenalice.com/game.php?id=1025471"]
[Date "2012.2.3"]
[Round "-"]
[White "Batavix"]
[Black "galaksoda"]
[Result "0-1"]
[WhiteElo "1372"]
[BlackElo "2004"]

1. d4 Nf6 2. c4 e6 3. Nf3 b6 4. a3 d5 5. Nc3 Bb7 6. Bf4 Be7 7. b4 dxc4 8. e3 O-O
9. Bxc4 Qe8 10. Bxc7 Qc6 11. Bxb8 Qxc4 12. Rc1 Raxb8 13. Ng5 g6 14. Nce4 Qd5 15.
Rc7 Bd8 16. Qf3 Nxe4 17. Nxe4 Qxe4 0-1

[Event "Lourdes Maria"]
[Site "http://www.queenalice.com/game.php?id=1027624"]
[Date "2012.2.8"]
[Round "-"]
[White "galaksoda"]
[Black "Batavix"]
[Result "0-1"]
[WhiteElo "2006"]
[BlackElo "1370"]

1. Nf3 Nf6 2. c4 g6 3. Nc3 d5 4. Qa4+ Bd7 5. Qb3 dxc4 6. Qxc4 Bg7 7. e4 Nc6 8.
d4 b5 9. Qxb5 Nxd4 10. Qd3 Nxf3+ 11. Qxf3 e5 12. Bg5 h6 13. Bh4 g5 14. Bg3 g4
15. Qe3 Qb8 16. Bxe5 Qxb2 17. Nb5 Qxe5 18. Rc1 Bxb5 19. Bxb5+ Qxb5 20. Rxc7 Qb4+
21. Rc3 Nxe4 22. O-O Bxc3 23. a3 Qd4 24. Qf4 Bb2 25. Re1 O-O-O 26. Qf5+ Rd7 27.
g3 Nc5 28. a4 Nxa4 29. Re4 Qd1+ 30. Kg2 Rg8 31. Rc4+ Kd8 32. Qa5+ Nb6 33. Rf4
Qd5+ 34. Qxd5 Nxd5 0-1

[Event "200º Aniversário de Charlie Di"]
[Site "http://www.queenalice.com/game.php?id=1027663"]
[Date "2012.2.8"]
[Round "-"]
[White "Batavix"]
[Black "galaksoda"]
[Result "1-0"]
[WhiteElo "1415"]
[BlackElo "1976"]

1. c4 Nf6 2. g3 g6 3. Bg2 Bg7 4. Nc3 O-O 5. e3 d6 6. d4 Nbd7 7. Qb3 e5 8. Nge2
Re8 9. Bxb7 Rb8 10. O-O Bxb7 11. Qa3 a6 12. f4 Bh6 13. c5 Ra8 14. cxd6 exd4 15.
dxc7 Qxc7 16. Nxd4 Bf8 17. Qb3 Bc5 18. a4 Bxd4 19. exd4 Nc5 20. Qc4 Qc6 21. d5
Nxd5 22. Nxd5 Kf8 23. Rd1 Re4 24. Qc3 Rd8 25. Qh8# 1-0